000 00389nab a22001097u 4500
008 130520b1964 xxu||||| |||| 00| 0 spa d
041 _aspa
100 1 _aCunningham, Francis A.
_950336
245 0 0 _aPrecedentes históricos de la teoría del Esse y Essentia en Santo Tomás
_cFrancis A. Cunningham
773 0 _tPensamiento
_gV.20, nº78,1964,págs. 155-172
_x0031-4749
_wRev321
942 _cAR
999 _c388895
_d388895